Can You Name Every Single Marvel Film? - Statistics

General Stats
  • This quiz has been taken 71 times
  • The average score is 35 of 59
Answer Stats
Year Released Production Studio Film Title % Correct
1944 Republic Pictures Captain America
95%
1990 21st Century Film Corporation Captain America
95%
2011 Marvel Studios Captain America: The First Avenger
95%
2008 Marvel Studios Iron Man
90%
2012 Marvel Studios The Avengers
87%
2013 Marvel Studios Iron Man 3
83%
2011 Marvel Studios Thor
83%
2010 Marvel Studios Iron Man 2
82%
2002 Columbia Pictures Spider-Man
82%
2012 Columbia Pictures The Amazing Spider-Man
82%
2003 Universal Pictures Hulk
78%
2008 Marvel Studios The Incredible Hulk
78%
2019 Marvel Studios Avengers: Endgame
77%
2015 Marvel Studios Ant-Man
75%
2000 20th Century Fox X-Men
75%
2004 Columbia Pictures Spider-Man 2
73%
2016 Marvel Studios Captain America: Civil War
72%
2007 Columbia Pictures Spider-Man 3
72%
2018 Marvel Studios Ant-Man and the Wasp
70%
2016 Marvel Studios Doctor Strange
70%
2014 Marvel Studios Guardians of the Galaxy
70%
2017 Marvel Studios Thor: Ragnarok
70%
2018 Marvel Studios Avengers: Infinity War
68%
2014 Marvel Studios Captain America: The Winter Soldier
68%
2019 Marvel Studios Captain Marvel
68%
2015 Marvel Studios Avengers: Age of Ultron
67%
2018 Marvel Studios Black Panther
65%
2013 Marvel Studios Thor: The Dark World
63%
2017 Columbia Pictures / Marvel Studios Spider-Man: Homecoming
62%
2013 20th Century Fox The Wolverine
58%
2019 Columbia Pictures / Marvel Studios Spider-Man: Far From Home
57%
2016 20th Century Fox Deadpool
55%
2017 Marvel Studios Guardians of the Galaxy Vol. 2
55%
2011 20th Century Fox X-Men: First Class
53%
2018 20th Century Fox Deadpool 2
52%
2003 20th Century Fox X2
50%
2014 Columbia Pictures The Amazing Spider-Man 2
48%
2005 20th Century Fox Fantastic 4
47%
2016 20th Century Fox X-Men: Apocalypse
47%
2006 20th Century Fox X-Men: The Last Stand
47%
1998 New Line Cinema Blade
45%
2014 20th Century Fox X-Men: Days of Future Past
45%
2017 20th Century Fox Logan
42%
2003 20th Century Fox Daredevil
40%
2015 20th Century Fox Fantastic Four
40%
1994 Constantin Film The Fantastic Four
40%
2018 Columbia Pictures Venom
40%
1986 Universal Pictures Howard the Duck
38%
2009 20th Century Fox X-Men Origins: Wolverine
38%
1989 New World Pictures The Punisher
37%
2004 Artisan Pictures The Punisher
37%
2007 Columbia Pictures Ghost Rider
35%
2019 20th Century Fox Dark Phoenix
33%
2004 New Line Cinema Blade: Trinity
32%
2005 20th Century Fox Elektra
32%
2002 New Line Cinema Blade II
30%
2007 20th Century Fox Fantastic Four: Rise of the Silver Surfer
25%
2011 Columbia Pictures Ghost Rider: Spirit of Vengeance
25%
2008 Lionsgate Films Punisher: War Zone
23%
No matching quizzes found
Score Distribution
Percent of People with Each Score
Percentile by Number Answered
Your Score History
You have not taken this quiz